00324nam a2200133Ia 4500008004100000041000800041082001500049100001600064245003400080250001300114260003500127300001100162650001700173230817s2002 xx 000 0 und d aeng a343052/AHU aMathuria MS aThe Bombay Sales Tax Act 1959 a20th Ed aMumbaibLagal InfServicec2002 axxiiip aTAXATION LAW